000 00593nam a2200169 a 4500
001 000035662
005 20250401135741.0
008 111108s2009 dr 000 0 spa d
020 _a9789945131178
040 _aDO-SdBNP
_bspa
_cBNPHU
100 1 _aSantos, Francisco Antonio
_961585
245 1 0 _aPor la organización, rescate y unidad del Movimiento Sindical Dominicano /
_cFrancisco Antonio Santos : prólogo Rafael Chaljub Mejía.
260 _aSanto Domingo :
_bEditora Mediabyte,
_c2009.
300 _a171 p. ;
_c22 cm.
700 1 2 _aChaljub Mejía, Rafael
_d1942-
_918985
049 _aBNPD
999 _c35153
_d35153